书目信息 |
| 题名: |
龙日一,不再飘移
|
|
| 作者: | 小妮子 著 | |
| 分册: | ||
| 出版信息: | 北京 中国戏剧出版社 2006.01 |
|
| 页数: | 254页 | |
| 开本: | 20cm | |
| 丛书名: | 我的青春最浪漫 | |
| 单 册: | ||
| 中图分类: | I247.5 | |
| 科图分类: | ||
| 主题词: | 中篇小说--中国--当代--作品集 | |
| 电子资源: | ||
| ISBN: | 7-104-02284-8 | |
| 000 | 00791nam 22002412 450 | |
| 001 | 192004001891 | |
| 005 | 20070906155329.87 | |
| 010 | @a7-104-02284-8@dCNY20.00@z7-104-02284-4 | |
| 100 | @a20070531d2006 ekmy0chiy0121 ea | |
| 101 | 0 | @achi |
| 102 | @aCN@b110000 | |
| 105 | @ay z 000ay | |
| 200 | 1 | @a龙日一,不再飘移@Along ri yi, bu zai piao yi@f小妮子著 |
| 210 | @a北京@c中国戏剧出版社@d2006.01 | |
| 215 | @a254页@d20cm | |
| 225 | 2 | @a我的青春最浪漫@Awo de qing chun zui lang man |
| 330 | @a本书是一部青春浪漫小说作品,讲述了主人公龙日一与张静美之间的浪漫爱情故事。本书适合大众读者阅读。 | |
| 410 | 0 | @12001 @a我的青春最浪漫 |
| 606 | 0 | @a中篇小说@y中国@z当代@j作品集 |
| 690 | @aI247.5@v4 | |
| 701 | 0 | @a小妮子@Axiao ni zi@4著 |
| 801 | 0 | @aCN@c20070906 |
| 905 | @dI247.5@eX3783 | |
| 龙日一,不再飘移/小妮子著.-北京:中国戏剧出版社,2006.01 |
| 254页;20cm.-(我的青春最浪漫) |
| ISBN 7-104-02284-8:CNY20.00 |
| 本书是一部青春浪漫小说作品,讲述了主人公龙日一与张静美之间的浪漫爱情故事。本书适合大众读者阅读。 |
| ● |
| 相关链接 |
|
|
|
正题名:龙日一,不再飘移
索取号:I247.5/X3783
 
预约/预借
| 序号 | 登录号 | 条形码 | 馆藏地/架位号 | 状态 | 备注 |
| 1 | 621310 | 206213104 | 社科二线422/422社科库 7排2列5层/ [索取号:I247.5/X3783] | 在馆 | |
| 2 | 621311 | 206213113 | 社科二线422/422社科库 7排2列5层/ [索取号:I247.5/X3783] | 在馆 | |
| 3 | 621312 | 206213122 | 社科二线422/422社科库 7排2列5层/ [索取号:I247.5/X3783] | 在馆 |